[Event "Mittelrhein Verbandsliga-N 17/18"]
[Site "Nordrheinwestfalen"]
[Date "2018.03.18"]
[Round "9.6"]
[White "Duester, Frank"]
[Black "Dizdarevic, Alen"]
[Result "0-1"]
[WhiteElo "1725"]
[BlackElo "1843"]
[PlyCount "60"]
[EventDate "2017.09.10"]
[EventType "team-swiss"]
[EventRounds "11"]
[EventCountry "GER"]
[SourceTitle "EXT 2022"]
[Source "ChessBase"]
[SourceDate "2021.10.06"]
[SourceVersion "1"]
[SourceVersionDate "2021.10.06"]
[SourceQuality "1"]
[WhiteTeam "Leverkusen Koenigsspringer"]
[BlackTeam "Rheinpark BSG"]
[WhiteTeamCountry "GER"]
[BlackTeamCountry "GER"]

1. e4 c5 2. Nf3 g6 3. d4 cxd4 4. Nxd4 Nc6 5. Be2 Nf6 6. Nc3 Bg7 7. Be3 0-0 8. Qd2 d5 9. Nxc6 bxc6 10. e5 Ng4 11. Bxg4 Bxg4 12. h3 Be6 13. f4 Qa5 14. Ne2 Qxd2+ 15. Bxd2 c5 16. b4 f6 17. exf6 Bxf6 18. Rb1 Rab8 19. 0-0 Bf5 20. Rfc1 cxb4 21. Bxb4 Rfc8 22. Ba5 Rxb1 23. Rxb1 Rxc2 24. Rb8+ Kf7 25. Ng3 Rxa2 26. Bc7 d4 27. Rd8 e5 28. Rd5 Ke6 29. fxe5 Kxd5 30. exf6 Ke6 0-1

[Event "Mittelrhein Verbandsliga-N 17/18"]
[Site "Nordrheinwestfalen"]
[Date "2018.02.25"]
[Round "8.6"]
[White "Schott, Helmut"]
[Black "Duester, Frank"]
[Result "1/2-1/2"]
[WhiteElo "1695"]
[BlackElo "1725"]
[PlyCount "79"]
[EventDate "2017.09.10"]
[EventType "team-swiss"]
[EventRounds "11"]
[EventCountry "GER"]
[SourceTitle "EXT 2022"]
[Source "ChessBase"]
[SourceDate "2021.10.06"]
[SourceVersion "1"]
[SourceVersionDate "2021.10.06"]
[SourceQuality "1"]
[WhiteTeam "Dormagen SV"]
[BlackTeam "Leverkusen Koenigsspringer"]
[WhiteTeamCountry "GER"]
[BlackTeamCountry "GER"]

1. Nf3 Nf6 2. d4 e6 3. Bg5 b6 4. e3 Bb7 5. Be2 c5 6. 0-0 cxd4 7. Nxd4 d5 8. c3 Nbd7 9. Qa4 a6 10. Nd2 Bd6 11. Rac1 0-0 12. Bd3 Qb8 13. h3 Nc5 14. Qc2 Nxd3 15. Qxd3 Nd7 16. Ne2 f6 17. Bf4 e5 18. Bg3 Qe8 19. Qc2 Rc8 20. e4 Qe6 21. exd5 Qxd5 22. Qb3 Nc5 23. Qxd5+ Bxd5 24. a3 Nd3 25. Rb1 f5 26. Nc1 Nc5 27. f3 Rcd8 28. Re1 Rfe8 29. c4 Bb7 30. Bf2 Bc7 31. Ndb3 Nd3 32. Nxd3 Rxd3 33. Nc1 Rd7 34. Nb3 Bc6 35. Rbd1 Red8 36. Rxd7 Rxd7 37. c5 b5 38. Be3 Rd3 39. Nc1 Rd5 40. Nb3 1/2-1/2

[Event "Leverkusen Bayer op 9th"]
[Site "Leverkusen"]
[Date "2011.02.07"]
[Round "3"]
[White "Scharff, Klaus"]
[Black "Duester, Frank"]
[Result "1-0"]
[WhiteElo "1887"]
[BlackElo "1724"]
[PlyCount "57"]
[EventDate "2011.01.10"]
[EventType "swiss"]
[EventRounds "7"]
[EventCountry "GER"]
[SourceTitle "EXT 2012"]
[Source "ChessBase"]
[SourceDate "2011.11.24"]
[SourceVersion "1"]
[SourceVersionDate "2011.11.24"]
[SourceQuality "1"]

1. d4 Nf6 2. c4 e6 3. Nc3 Bb4 4. a3 Bxc3+ 5. bxc3 b6 6. f3 d6 7. e4 e5 8. Bd3 Nbd7 9. Ne2 0-0 10. Bg5 h6 11. Be3 Re8 12. 0-0 Nf8 13. Qd2 Bb7 14. Ng3 Ng6 15. Nf5 Nh5 16. Bxh6 Ngf4 17. Bxf4 Nxf4 18. g3 Qg5 19. Kh1 Ne6 20. Qf2 g6 21. Nh4 Kg7 22. Ng2 Rh8 23. h4 Rh7 24. Kg1 Rah8 25. Qe1 Qe7 26. f4 exd4 27. f5 Kg8 28. fxe6 Qxe6 29. cxd4 1-0

[Event "Leverkusen-ch op"]
[Site "Leverkusen"]
[Date "2010.01.18"]
[Round "1"]
[White "Duester, Frank"]
[Black "Wolfradt, Dirk"]
[Result "0-1"]
[WhiteElo "1664"]
[BlackElo "2182"]
[PlyCount "42"]
[EventDate "2010.01.18"]
[EventType "swiss"]
[EventRounds "7"]
[EventCountry "GER"]
[SourceTitle "EXT 2011"]
[Source "ChessBase"]
[SourceDate "2010.11.26"]
[SourceVersion "1"]
[SourceVersionDate "2010.11.26"]
[SourceQuality "1"]

1. e4 Nf6 2. d3 e5 3. f4 Nc6 4. Nf3 d5 5. fxe5 dxe4 6. exf6 exf3 7. Qxf3 Nd4 8. Qe4+ Be6 9. Kd1 Qxf6 10. Be3 0-0-0 11. c3 Nc6 12. Kc2 Bf5 13. Qa4 Qg6 14. Bd4 Bb4 15. Bxa7 Bxd3+ 16. Kc1 Qg5+ 17. Nd2 Bxf1 18. Bd4 Rxd4 19. cxd4 Qxd2+ 20. Kb1 Bd3+ 21. Qc2 Qxc2# 0-1

[Event "Leverkusen op"]
[Site "Leverkusen"]
[Date "2004.05.03"]
[Round "9"]
[White "Duester, Frank"]
[Black "Schlaefer, Roland"]
[Result "1/2-1/2"]
[WhiteElo "1791"]
[BlackElo "2002"]
[PlyCount "104"]
[EventDate "2004.01.12"]
[EventType "swiss"]
[EventRounds "9"]
[EventCountry "GER"]
[SourceTitle "EXT 2006"]
[Source "ChessBase"]
[SourceDate "2005.11.24"]
[SourceVersion "1"]
[SourceVersionDate "2005.11.24"]
[SourceQuality "1"]

1. e4 c5 2. Nf3 Nc6 3. Bb5 d6 4. c3 Bd7 5. d4 cxd4 6. cxd4 a6 7. Ba4 Nf6 8. Nc3 b5 9. Bc2 e5 10. 0-0 Be7 11. Re1 Bg4 12. Be3 Qd7 13. dxe5 dxe5 14. Nd5 0-0 15. Nxf6+ Bxf6 16. Qxd7 Bxd7 17. Bb3 Bg4 18. Bd5 Rac8 19. Rac1 Nd4 20. Nxd4 exd4 21. Bf4 Rxc1 22. Rxc1 Rc8 23. f3 Rxc1+ 24. Bxc1 Be6 25. Bb7 Bxa2 26. Bxa6 Bc4 27. Kf2 Be7 28. Bd2 Bc5 29. f4 Kf8 30. b4 Bb6 31. Bb7 Ke7 32. Kf3 f6 33. g4 Bb3 34. Bc6 Bc4 35. e5 fxe5 36. fxe5 Ke6 37. Ke4 Ba2 38. Bxb5 Bd5+ 39. Kf4 Bc7 40. Kg3 Bxe5+ 41. Bf4 Bf6 42. Bd3 g6 43. b5 Bd8 44. h4 Ba5 45. Kf2 Bd8 46. h5 Kf7 47. hxg6+ hxg6 48. Be5 Bb6 49. Kg3 g5 50. Bd6 Ke6 51. Bb8 Kf6 52. Bd6 Ke6 1/2-1/2

[Event "Leverkusen op"]
[Site "Leverkusen"]
[Date "2004.04.19"]
[Round "8"]
[White "Kolleck, Wolf Dietrich"]
[Black "Duester, Frank"]
[Result "0-1"]
[WhiteElo "1649"]
[BlackElo "1791"]
[PlyCount "117"]
[EventDate "2004.01.12"]
[EventType "swiss"]
[EventRounds "9"]
[EventCountry "GER"]
[SourceTitle "EXT 2006"]
[Source "ChessBase"]
[SourceDate "2005.11.24"]
[SourceVersion "1"]
[SourceVersionDate "2005.11.24"]
[SourceQuality "1"]

1. e4 e5 2. Nf3 Nc6 3. Bb5 Nf6 4. d3 d6 5. h3 g6 6. 0-0 Bg7 7. a3 a6 8. Bc4 0-0 9. Nc3 Nd4 10. Bg5 c6 11. Nxd4 exd4 12. Ne2 Qb6 13. Qd2 Be6 14. Ba2 Bxa2 15. Rxa2 Nd7 16. Be7 Rfe8 17. Bxd6 Rad8 18. Bg3 Nc5 19. b3 Ne6 20. Raa1 Qc5 21. f4 f5 22. e5 Bf8 23. Bf2 Qd5 24. Kh2 Rd7 25. h4 Bh6 26. g3 Qxe5 27. Rae1 Qb8 28. Qb4 Bf8 29. Qc4 b5 30. Qxc6 Rd6 31. Qf3 Rdd8 32. b4 Qc7 33. Rc1 Bg7 34. Be1 Qd6 35. Bf2 Rd7 36. Ng1 Rc7 37. Qd1 Rc3 38. Re1 Rxa3 39. Nf3 Qxb4 40. Ng5 Qd6 41. Nxe6 Rxe6 42. Rxe6 Qxe6 43. Qd2 Rc3 44. Re1 Qd7 45. Re2 Rc6 46. Qb4 Qd6 47. Qe1 Kf7 48. Qa1 Qd5 49. Qe1 Re6 50. Rxe6 Qxe6 51. Qxe6+ Kxe6 52. Be1 Bf8 53. Kg2 Ba3 54. Ba5 Bb2 55. Kf3 Kd5 56. g4 Bc3 57. Bd8 a5 58. Be7 b4 59. h5 0-1

[Event "Leverkusen op"]
[Site "Leverkusen"]
[Date "2004.02.16"]
[Round "4"]
[White "Duester, Frank"]
[Black "Kuhnert, Klaus"]
[Result "1/2-1/2"]
[WhiteElo "1791"]
[BlackElo "1459"]
[PlyCount "202"]
[EventDate "2004.01.12"]
[EventType "swiss"]
[EventRounds "9"]
[EventCountry "GER"]
[SourceTitle "EXT 2006"]
[Source "ChessBase"]
[SourceDate "2005.11.24"]
[SourceVersion "1"]
[SourceVersionDate "2005.11.24"]
[SourceQuality "1"]

1. e4 e5 2. Nf3 Nc6 3. Bb5 Nge7 4. c3 a6 5. Ba4 Ng6 6. d4 exd4 7. cxd4 Bb4+ 8. Nc3 0-0 9. 0-0 h6 10. Qd3 b5 11. Bc2 Bb7 12. Nd5 Ba5 13. a3 Nce7 14. Nc3 Bb6 15. b4 d6 16. Bb3 Qd7 17. Be3 Rad8 18. Rfd1 Qc8 19. Rac1 c5 20. dxc5 dxc5 21. Qe2 Rxd1+ 22. Qxd1 Qa8 23. Qd6 Nc8 24. Qxg6 c4 25. Bxc4 bxc4 26. Qg4 Bxe3 27. fxe3 Re8 28. Rd1 Ne7 29. Nh4 Bc8 30. Qg3 Be6 31. Qc7 Kf8 32. Qc5 Rc8 33. Qd6 Re8 34. Nf5 Qa7 35. Rd4 Kg8 36. Nxe7+ Rxe7 37. Qd8+ Kh7 38. Kf2 Rb7 39. Qf8 Rb8 40. Qd6 Kg8 41. Nd5 Rb7 42. Rxc4 Rd7 43. Rc8+ Kh7 44. Qc5 Qb7 45. Qc6 Qa7 46. Qc2 f5 47. Qc6 Bxd5 48. exd5 f4 49. Qc5 fxe3+ 50. Kxe3 Qb7 51. d6 Rxd6 52. Qxd6 Qxc8 53. Qd3+ Kh8 54. Kd2 Qb7 55. g3 Qg2+ 56. Qe2 Qd5+ 57. Kc3 Qc6+ 58. Qc4 Qf3+ 59. Qd3 Qc6+ 60. Kb3 Qe6+ 61. Qc4 Qe3+ 62. Qc3 Qe6+ 63. Qc4 Qe3+ 64. Ka4 Qe8+ 65. Ka5 Qe3 66. a4 Qd2 67. h4 Qd8+ 68. Kxa6 Qd6+ 69. Ka5 Qd8+ 70. Kb5 Qb8+ 71. Kc5 Qa7+ 72. Kd5 Qxa4 73. Qc8+ Kh7 74. Qf5+ Kh8 75. Qf8+ Kh7 76. Qd6 Qb5+ 77. Qc5 Qd3+ 78. Qd4 Qb5+ 79. Ke4 Qe2+ 80. Kf4 Qf1+ 81. Kg4 Qb1 82. Qf4 Qd1+ 83. Kf5 Qd7+ 84. Ke5 Qe7+ 85. Kd5 Qd7+ 86. Qd6 Qb5+ 87. Kd4 Qe2 88. Kc5 Qe3+ 89. Kc4 Qe4+ 90. Qd4 Qc2+ 91. Kb5 Qe2+ 92. Qc4 Qe5+ 93. Ka6 Qd6+ 94. Ka5 Qxg3 95. b5 Qa3+ 96. Kb6 Qd6+ 97. Qc6 Qb8+ 98. Ka5 Qa7+ 99. Qa6 Qc7+ 100. b6 Qc3+ 101. Kb5 Qd3+ 1/2-1/2

[Event "Leverkusen op"]
[Site "Leverkusen"]
[Date "2004.02.02"]
[Round "3"]
[White "Kies, Werner"]
[Black "Duester, Frank"]
[Result "1-0"]
[WhiteElo "2144"]
[BlackElo "1791"]
[PlyCount "63"]
[EventDate "2004.01.12"]
[EventType "swiss"]
[EventRounds "9"]
[EventCountry "GER"]
[SourceTitle "EXT 2006"]
[Source "ChessBase"]
[SourceDate "2005.11.24"]
[SourceVersion "1"]
[SourceVersionDate "2005.11.24"]
[SourceQuality "1"]

1. e4 e5 2. Bc4 Nf6 3. d3 Nc6 4. a4 d5 5. exd5 Nxd5 6. c3 Be6 7. Nf3 Be7 8. Bb5 Qd6 9. Ng5 0-0-0 10. Nxe6 Qxe6 11. 0-0 a6 12. Bc4 Qf5 13. a5 Nf4 14. Bxf4 Qxf4 15. b4 e4 16. d4 Rd6 17. Qe2 Rh6 18. g3 Qf5 19. f3 Qh5 20. fxe4 Bf6 21. Qxh5 Rxh5 22. e5 Bg5 23. Rxf7 Rd8 24. Kg2 Nxd4 25. cxd4 Rxd4 26. Be2 Rh6 27. Rxg7 Bd2 28. b5 Re4 29. Bf3 Rd4 30. bxa6 bxa6 31. Ra2 Bb4 32. h4 1-0

[Event "Leverkusen op"]
[Site "Leverkusen"]
[Date "2004.01.12"]
[Round "1"]
[White "Cordts, Ingo"]
[Black "Duester, Frank"]
[Result "1-0"]
[WhiteElo "2287"]
[BlackElo "1791"]
[PlyCount "33"]
[EventDate "2004.01.12"]
[EventType "swiss"]
[EventRounds "9"]
[EventCountry "GER"]
[SourceTitle "EXT 2006"]
[Source "ChessBase"]
[SourceDate "2005.11.24"]
[SourceVersion "1"]
[SourceVersionDate "2005.11.24"]
[SourceQuality "1"]

1. Nf3 Nf6 2. c4 e6 3. g3 b6 4. Bg2 Bb7 5. 0-0 Be7 6. Nc3 0-0 7. d4 d6 8. Qc2 c5 9. d5 a6 10. dxe6 fxe6 11. Bh3 e5 12. Ng5 Bc8 13. Nd5 g6 14. Bxc8 Nxd5 15. Be6+ Kg7 16. Bxd5 Ra7 17. Ne6+ 1-0

[Event "Leverkusen-ch 15th"]
[Site "Leverkusen"]
[Date "2003.04.14"]
[Round "8"]
[White "Ruland, Wolfgang"]
[Black "Duester, Frank"]
[Result "0-1"]
[WhiteElo "1354"]
[BlackElo "1747"]
[PlyCount "52"]
[EventDate "2003.01.06"]
[EventType "swiss"]
[EventRounds "9"]
[EventCountry "GER"]
[SourceTitle "EXT 2006"]
[Source "ChessBase"]
[SourceDate "2005.11.24"]
[SourceVersion "1"]
[SourceVersionDate "2005.11.24"]
[SourceQuality "1"]

1. Nf3 Nf6 2. g3 d5 3. d3 Bf5 4. Bg2 h6 5. 0-0 Nbd7 6. Nbd2 e6 7. Re1 c6 8. c4 Bc5 9. Qb3 Rb8 10. cxd5 cxd5 11. e4 dxe4 12. dxe4 Bg6 13. Nh4 Bh7 14. Kh1 0-0 15. h3 Bxf2 16. Re2 Bb6 17. Nc4 Nc5 18. Qc2 g5 19. Nf5 exf5 20. exf5 Nh5 21. Nxb6 axb6 22. Kh2 Qd6 23. Re3 Rbd8 24. b4 Nd3 25. Qe2 Ng7 26. Ba3 Nxf5 0-1

[Event "Leverkusen-ch 15th"]
[Site "Leverkusen"]
[Date "2003.03.24"]
[Round "7"]
[White "Duester, Frank"]
[Black "Reinemer, Frank"]
[Result "0-1"]
[WhiteElo "1747"]
[BlackElo "2170"]
[PlyCount "74"]
[EventDate "2003.01.06"]
[EventType "swiss"]
[EventRounds "9"]
[EventCountry "GER"]
[SourceTitle "EXT 2006"]
[Source "ChessBase"]
[SourceDate "2005.11.24"]
[SourceVersion "1"]
[SourceVersionDate "2005.11.24"]
[SourceQuality "1"]

1. e4 Nf6 2. d3 g6 3. f4 Bg7 4. Nf3 0-0 5. Be2 c6 6. Nbd2 Ng4 7. Nc4 d5 8. Ng5 dxc4 9. Bxg4 Bxg4 10. Qxg4 cxd3 11. c3 Nd7 12. Be3 h6 13. Nf3 Nf6 14. Qh4 Nxe4 15. 0-0 Nf6 16. Qf2 Ne4 17. Qh4 e6 18. Qe1 Qd5 19. Nd2 Nxd2 20. Qxd2 f5 21. Rfd1 Rfd8 22. Qf2 b6 23. Qg3 Kf7 24. Bd2 Rd7 25. Re1 Re8 26. Re3 c5 27. b3 c4 28. bxc4 Qxc4 29. Rd1 Red8 30. Rc1 Qxa2 31. Qe1 Qc4 32. Rb1 b5 33. Rg3 a5 34. h4 h5 35. Kh2 Bf6 36. Kh3 Re8 37. Rf3 Qc5 0-1

[Event "Leverkusen-ch op 11th"]
[Site "Leverkusen"]
[Date "1999.03.12"]
[Round "5"]
[White "Duester, Frank"]
[Black "Wilczek, Ralph"]
[Result "0-1"]
[WhiteElo "1786"]
[BlackElo "2061"]
[PlyCount "102"]
[EventDate "1999.01.08"]
[EventType "swiss"]
[EventRounds "9"]
[EventCountry "GER"]
[SourceTitle "EXT 2006"]
[Source "ChessBase"]
[SourceDate "2005.11.24"]
[SourceVersion "1"]
[SourceVersionDate "2005.11.24"]
[SourceQuality "1"]

1. e4 g6 2. d4 Bg7 3. Nc3 c6 4. Be3 d5 5. e5 a5 6. Nf3 Na6 7. Be2 f6 8. 0-0 Nh6 9. exf6 exf6 10. h3 Nf7 11. Bf4 0-0 12. Qd2 Nc7 13. Bd3 Ne6 14. Be3 b6 15. Rfe1 Ra7 16. Rad1 Nfg5 17. Nxg5 fxg5 18. Bf1 Raf7 19. Ne2 Nf4 20. Bxf4 gxf4 21. Nc1 Qg5 22. Kh2 Qh4 23. c3 g5 24. Nd3 g4 25. g3 fxg3+ 26. fxg3 Qd8 27. h4 Ba6 28. Nf4 Rxf4 29. gxf4 Bh6 30. Kg1 Bc8 31. Qe2 Qxh4 32. Qh2 Qf6 33. Bd3 Qg7 34. Qh4 Qf6 35. Qxf6 Rxf6 36. Re8+ Rf8 37. Rxf8+ Bxf8 38. Re1 Bd7 39. Re5 h6 40. Bf5 Bxf5 41. Rxf5 Be7 42. Re5 Kf7 43. Kg2 Bd6 44. Re1 Kf6 45. Re8 Bxf4 46. Rc8 h5 47. Rxc6+ Kf5 48. Rxb6 h4 49. Rb7 h3+ 50. Kf1 g3 51. Rh7 g2+ 0-1